000
00244nam a2200097Ia 4500
008
220204s9999 xx 000 0 und d
082
_a
339.54
_b
GAT
245
0
_a
Gattastrophe
260
_a
India
_b
Public Interest Research Group
_c
1998
942
_c
BK
999
_c
40587
_d
40587